<?xml version="1.0" encoding="UTF-8"?>
<record
    xmlns:xsi="http://www.w3.org/2001/XMLSchema-instance"
    xsi:schemaLocation="http://www.loc.gov/MARC21/slim http://www.loc.gov/standards/marcxml/schema/MARC21slim.xsd"
    xmlns="http://www.loc.gov/MARC21/slim">

  <leader>00521nam a22001817a 4500</leader>
  <controlfield tag="005">20230819154027.0</controlfield>
  <controlfield tag="008">220120b           ||||| |||| 00| 0 eng d</controlfield>
  <datafield tag="020" ind1=" " ind2=" ">
    <subfield code="a">978-93-88902-73-1</subfield>
  </datafield>
  <datafield tag="041" ind1=" " ind2=" ">
    <subfield code="a">eng</subfield>
  </datafield>
  <datafield tag="082" ind1=" " ind2=" ">
    <subfield code="a">611.9 CHA-H</subfield>
  </datafield>
  <datafield tag="100" ind1=" " ind2=" ">
    <subfield code="a">CHAURASIA'S, B.D</subfield>
    <subfield code="9">8052</subfield>
  </datafield>
  <datafield tag="245" ind1=" " ind2=" ">
    <subfield code="a">HUMAN ANATOMY: Regional and applied , dissection and clinical [UPPER LIMB THORAX] [VOL-1]</subfield>
  </datafield>
  <datafield tag="250" ind1=" " ind2=" ">
    <subfield code="a">8TH, ED.</subfield>
  </datafield>
  <datafield tag="260" ind1=" " ind2=" ">
    <subfield code="a">NEW DELHI</subfield>
    <subfield code="b">CBS PUBLISHERS &amp; DISTRIBUTORS PVT. LTD.</subfield>
  </datafield>
  <datafield tag="300" ind1=" " ind2=" ">
    <subfield code="a">354;p</subfield>
  </datafield>
  <datafield tag="650" ind1=" " ind2=" ">
    <subfield code="a">BPT</subfield>
    <subfield code="9">8053</subfield>
  </datafield>
  <datafield tag="942" ind1=" " ind2=" ">
    <subfield code="c">BK</subfield>
  </datafield>
  <datafield tag="999" ind1=" " ind2=" ">
    <subfield code="c">7846</subfield>
    <subfield code="d">7844</subfield>
  </datafield>
  <datafield tag="952" ind1=" " ind2=" ">
    <subfield code="0">0</subfield>
    <subfield code="1">0</subfield>
    <subfield code="4">0</subfield>
    <subfield code="7">0</subfield>
    <subfield code="8">PHYSIOTHERAPY</subfield>
    <subfield code="a">JRU</subfield>
    <subfield code="b">JRU</subfield>
    <subfield code="c">Shelf - 25- A</subfield>
    <subfield code="d">2022-01-20</subfield>
    <subfield code="e">PURCHASE</subfield>
    <subfield code="g">695.00</subfield>
    <subfield code="l">19</subfield>
    <subfield code="m">2</subfield>
    <subfield code="o">611.9</subfield>
    <subfield code="p">25880</subfield>
    <subfield code="r">2026-01-30 11:28:34</subfield>
    <subfield code="s">2026-01-19</subfield>
    <subfield code="w">2022-01-20</subfield>
    <subfield code="y">BK</subfield>
  </datafield>
  <datafield tag="952" ind1=" " ind2=" ">
    <subfield code="0">0</subfield>
    <subfield code="1">0</subfield>
    <subfield code="4">0</subfield>
    <subfield code="7">0</subfield>
    <subfield code="8">REF</subfield>
    <subfield code="a">JRU</subfield>
    <subfield code="b">JRU</subfield>
    <subfield code="c">SHELF- 8 - C</subfield>
    <subfield code="d">2022-01-20</subfield>
    <subfield code="e">PURCHASE</subfield>
    <subfield code="g">695.00</subfield>
    <subfield code="l">9</subfield>
    <subfield code="m">1</subfield>
    <subfield code="o">611.9</subfield>
    <subfield code="p">25881</subfield>
    <subfield code="r">2024-11-29 12:04:44</subfield>
    <subfield code="s">2024-11-19</subfield>
    <subfield code="w">2022-01-20</subfield>
    <subfield code="y">BK</subfield>
  </datafield>
  <datafield tag="952" ind1=" " ind2=" ">
    <subfield code="0">0</subfield>
    <subfield code="1">0</subfield>
    <subfield code="4">0</subfield>
    <subfield code="7">0</subfield>
    <subfield code="8">PHYSIOTHERAPY</subfield>
    <subfield code="a">JRU</subfield>
    <subfield code="b">JRU</subfield>
    <subfield code="c">Shelf - 24- A</subfield>
    <subfield code="d">2022-01-20</subfield>
    <subfield code="e">PURCHASE</subfield>
    <subfield code="g">695.00</subfield>
    <subfield code="l">22</subfield>
    <subfield code="m">5</subfield>
    <subfield code="o">611.9</subfield>
    <subfield code="p">25882</subfield>
    <subfield code="r">2026-04-09 11:02:17</subfield>
    <subfield code="s">2026-04-02</subfield>
    <subfield code="w">2022-01-20</subfield>
    <subfield code="y">BK</subfield>
  </datafield>
  <datafield tag="952" ind1=" " ind2=" ">
    <subfield code="0">0</subfield>
    <subfield code="1">0</subfield>
    <subfield code="4">0</subfield>
    <subfield code="7">0</subfield>
    <subfield code="8">PHYSIOTHERAPY</subfield>
    <subfield code="a">JRU</subfield>
    <subfield code="b">JRU</subfield>
    <subfield code="c">Shelf - 24- A</subfield>
    <subfield code="d">2022-01-20</subfield>
    <subfield code="e">PURCHASE</subfield>
    <subfield code="g">695.00</subfield>
    <subfield code="l">22</subfield>
    <subfield code="m">6</subfield>
    <subfield code="o">611.9</subfield>
    <subfield code="p">25883</subfield>
    <subfield code="r">2025-12-16 13:04:28</subfield>
    <subfield code="s">2025-12-16</subfield>
    <subfield code="w">2022-01-20</subfield>
    <subfield code="y">BK</subfield>
  </datafield>
  <datafield tag="952" ind1=" " ind2=" ">
    <subfield code="0">0</subfield>
    <subfield code="1">0</subfield>
    <subfield code="4">0</subfield>
    <subfield code="7">0</subfield>
    <subfield code="8">PHYSIOTHERAPY</subfield>
    <subfield code="a">JRU</subfield>
    <subfield code="b">JRU</subfield>
    <subfield code="c">Shelf - 24- A</subfield>
    <subfield code="d">2022-01-20</subfield>
    <subfield code="e">PURCHASE</subfield>
    <subfield code="g">695.00</subfield>
    <subfield code="l">27</subfield>
    <subfield code="m">4</subfield>
    <subfield code="o">611.9</subfield>
    <subfield code="p">25884</subfield>
    <subfield code="r">2026-03-09 07:46:59</subfield>
    <subfield code="s">2026-02-18</subfield>
    <subfield code="w">2022-01-20</subfield>
    <subfield code="y">BK</subfield>
  </datafield>
  <datafield tag="952" ind1=" " ind2=" ">
    <subfield code="0">0</subfield>
    <subfield code="1">0</subfield>
    <subfield code="4">0</subfield>
    <subfield code="7">0</subfield>
    <subfield code="8">PHYSIOTHERAPY</subfield>
    <subfield code="a">JRU</subfield>
    <subfield code="b">JRU</subfield>
    <subfield code="c">Shelf - 24- A</subfield>
    <subfield code="d">2023-08-05</subfield>
    <subfield code="e">PURCHASE</subfield>
    <subfield code="g">2995.00</subfield>
    <subfield code="h">9TH ED, 2023</subfield>
    <subfield code="l">17</subfield>
    <subfield code="m">6</subfield>
    <subfield code="o">611.9</subfield>
    <subfield code="p">27819</subfield>
    <subfield code="r">2026-02-26 04:18:21</subfield>
    <subfield code="s">2026-02-18</subfield>
    <subfield code="w">2023-08-05</subfield>
    <subfield code="y">BK</subfield>
  </datafield>
  <datafield tag="952" ind1=" " ind2=" ">
    <subfield code="0">0</subfield>
    <subfield code="1">0</subfield>
    <subfield code="4">0</subfield>
    <subfield code="7">0</subfield>
    <subfield code="8">PHYSIOTHERAPY</subfield>
    <subfield code="a">JRU</subfield>
    <subfield code="b">JRU</subfield>
    <subfield code="c">Shelf - 25- A</subfield>
    <subfield code="d">2023-08-05</subfield>
    <subfield code="e">PURCHASE</subfield>
    <subfield code="g">2995.00</subfield>
    <subfield code="h">9TH ED, 2023</subfield>
    <subfield code="l">20</subfield>
    <subfield code="m">3</subfield>
    <subfield code="o">611.9</subfield>
    <subfield code="p">27820</subfield>
    <subfield code="r">2026-02-20 06:21:16</subfield>
    <subfield code="s">2026-02-10</subfield>
    <subfield code="w">2023-08-05</subfield>
    <subfield code="y">BK</subfield>
  </datafield>
</record>
